Zvyšovanie dôchodkových dávok a sociálneho dôchodku v roku 2011

Určenie percenta zvýšenia dôchodkových dávok v roku 2011. Rozsah dávok, ktoré sa v roku 2011 budú zvyšovať. Osobitné zásady zvýšenia sociálnych dôchodkov. Suma a vypočítanie zvýšenia. Príklady.

Salvato in:
Dettagli Bibliografici
Autore principale: Grauzelová, Ľudmila
Natura: Capitolo di libro
Lingua:slovacco
Soggetti:
Tags: Aggiungi Tag
Nessun Tag, puoi essere il primo ad aggiungerne!!

MARC

LEADER 00000naa a2200000 4500
001 0136514
005 20220729105310.6
041 0 |a slo 
044 |a SK 
245 1 0 |a Zvyšovanie dôchodkových dávok a sociálneho dôchodku v roku 2011  |c Ľudmila Grauzelová 
520 |a Určenie percenta zvýšenia dôchodkových dávok v roku 2011. Rozsah dávok, ktoré sa v roku 2011 budú zvyšovať. Osobitné zásady zvýšenia sociálnych dôchodkov. Suma a vypočítanie zvýšenia. Príklady. 
610 2 0 |a dávky zabezpečenia dôchodkového 
610 2 0 |a dávky poistenia sociálneho 
610 2 0 |a dôchodky 
610 2 0 |a základ vymeriavací 
610 2 0 |a zabezpečenie sociálne 
610 2 0 |a zabezpečenie dôchodkové 
610 2 0 |a poistenie dôchodkové 
610 2 0 |a poistenie sociálne 
100 1 |a Grauzelová, Ľudmila